Maladies de l'UE2 - Statistiques

Statistiques générales
  • Ce quiz a été pris 478 fois
    397 depuis la dernière actualisation
  • Le résultat moyen est 10 sur 43
Statistiques - réponses
Mutation Nom de la maladie % Correct
Défaut de métabolisation de la phénylalanine Phénylcétonurie
67%
Mutation du gène CFTR Mucoviscidose
62%
Mutation de la chaine β de la globine (Hb anormal : falciforme) Drépanocytose
58%
Gène suppresseur de tumeur p53
48%
Hyperphosphorylation de la protéine Tau Alzheimer
47%
Maladie due à un déficit en vitamine C Scorbut
47%
Défaut de synthèse et inactivation du facteur VIII (inversion de l'intron 22) Hémophilie A
45%
Défaut de synthèse de la globine (chaine β) Thalassémie
40%
Chromosome 4, gène de la huntingtine avec répétition de CAG Chorée de Huntington
38%
Maladie dominante liée à l'X qu'on a dans le cours Syndrome de l'X fragile
38%
Mutation de la dystrophine Dystrophie de Duchenne
37%
Plaque de lipide et cholestérol sous cutané Xanthome
37%
Défaut enzymatique génétique de la synthèse de l’hème Porphyrie
35%
Défaut de synthèse de la mélanine par les mélanocytes Albinisme occulo-cutané
32%
Atteinte auto-immune des protéines des articulations Polyarthrite rhumatoïde
32%
Mauvais cholestérol transporté par les LDLs, dépôts dans les artères et les coronaires Athérosclérose
30%
Insertion de 4 bases au niveau de l’exon 11 du gène qui code pour HEX-A Maladie de Tay-Sachs
30%
Mutation constitutionnelle d’un des gènes du systèmes MMR → hMLH1 et hMSH2 (Cancer colorectal familial) Syndrome de Lynch
27%
Anticorps qui attaque la paroi des vaisseaux Syndrome de Raynaud
27%
Récepteur mb tyrosine kinase : surexpression dans le cancer du sein HER2
25%
Déficit de l’enzyme HGPRT par mutation inactivatrice du gène HPRT1 Maladie de Lesch-Nyhan
22%
Mutations des gènes XP Xeroderma Pigmentosum
20%
Récepteur régulé par l'exon 14, mais skipping de l'exon MET
18%
Atteinte diffuse, inflammatoire et chronique du TC notamment au niveau de la peau du visage Lupus érythémateux disséminé
13%
Nanisme (13% de la population Amish en Pennsylvanie) Syndrome d'Ellis van Creveld
13%
Défaut de synthèse de la lipoprotéine lipase→ hyperglycéridémie Dyslipidémie
10%
Mutation homozygote de ATM Louis Bar
10%
Délétion partielle du chromosome 15 entraîne une perte de l’ubiquitine ligase E6-AP exprimé dans le cerveau Syndrome d'Angelman
10%
Mutation du gènes Star ou de CYP11A1 Hyperplasie lipoïde congénitale des surrénales
8%
Maladie Lysosomale, accumulation d’Héparane Sulfate car absence de l’enzyme de métabolisation Maladie de San Filippo
8%
Mutation hétérozygote de ATM Risque de cancer du sein
8%
Déficit en α-L-iduronidase Syndrome de Hurler
8%
Récepteur à l'EGF Cancer du colon ou du poumon
7%
Déficit de DHCR7 Syndrome de Smith Lemli Opitz
7%
Possède un LBD, un passage TM et un domaine kinase intra-cellulaire ALK
5%
Mutation de BRCA-2 Cancer du sein ou de l'ovaire
5%
Mutations inactivatrices de VHL Maladie de Von Hippel-Lindau
5%
Mutation des protéines CSA et CSB Syndrome de Cockayne
5%
Néphroblastome (tumeur du rein) : Méthylation du centre d'empreinte de la daronne Tumeur de Wilms
5%
Déméthylation du centre d'empreinte du père Syndrome de Silver-Russel
3%
Mutation germinale du gène TERT qui code pour une protéine de la Su catalytique de la télomérase (Dominante liée à l'X) Dyskératose congénitale
2%
Mutation germinale du gène TERT qui code pour une protéine de la Su catalytique de la télomérase (Récessive liée à l'X) Syndrome de Hoyeraal-Hreidarsson
2%
Mutation du gène MUTYH qui code pour une ADN glycosylase Polypose adénomateuse colique
0%
Aucun quiz correspondant
Distribution des résultats
% des personnes avec chaque résultat
Percentile par nombre de réponses
Votre historique - résultats
Vous n’avez pas pris ce quiz depuis la dernière actualisation